Practice in Accountancy (Record no. 5310)
[ view plain ]
| 000 -LEADER | |
|---|---|
| fixed length control field | 00524cam a2200205ua 4500 |
| 001 - CONTROL NUMBER | |
| control field | 6163 |
| 005 - DATE AND TIME OF LATEST TRANSACTION | |
| control field | 20260515114011.0 |
| 008 - FIXED-LENGTH DATA ELEMENTS--GENERAL INFORMATION | |
| fixed length control field | 131119n ii |||gr||||Z||||||eng |
| 040 ## - CATALOGING SOURCE | |
| Transcribing agency | MAIN |
| 082 ## - DEWEY DECIMAL CLASSIFICATION NUMBER | |
| Classification number | 657 |
| 245 ## - TITLE STATEMENT | |
| Title | Practice in Accountancy |
| Statement of responsibility, etc. | By Sankar Prasad Basu |
| 250 ## - EDITION STATEMENT | |
| Edition statement | 9th ed. |
| 260 ## - PUBLICATION, DISTRIBUTION, ETC. | |
| Place of publication, distribution, etc. | Kolkata: |
| Name of publisher, distributor, etc. | Rabindra Library, |
| Date of publication, distribution, etc. | 2003. |
| 300 ## - PHYSICAL DESCRIPTION | |
| Extent | xvi,1239p. |
| 653 ## - INDEX TERM--UNCONTROLLED | |
| Uncontrolled term | Commerce |
| 653 ## - INDEX TERM--UNCONTROLLED | |
| Uncontrolled term | Practice in Accountancy |
| 700 ## - ADDED ENTRY--PERSONAL NAME | |
| Personal name | Basu,Sankar Prasad, |
| Relator term | Author., |
| 700 ## - ADDED ENTRY--PERSONAL NAME | |
| Personal name | Das,Monilal, |
| Relator term | Author. |
| 942 ## - ADDED ENTRY ELEMENTS (KOHA) | |
| Koha item type | Books |
| Withdrawn status | Lost status | Damaged status | Not for loan | Home library | Current library | Shelving location | Date acquired | Total checkouts | Full call number | Barcode | Date last seen | Copy number | Price effective from | Koha item type |
|---|---|---|---|---|---|---|---|---|---|---|---|---|---|---|
| Naharkatiya College Library | Naharkatiya College Library | General stacks | 09/19/2020 | 657 | BAS | 15784 | 09/19/2020 | 2 | 09/19/2020 | Books | |||||
| Naharkatiya College Library | Naharkatiya College Library | General stacks | 09/19/2020 | 657 | BAS | 18245 | 09/19/2020 | 1 | 09/19/2020 | Books |